000 01733nam a22004090a 4500
001 PT17780
003 AR-LpoUNG
005 20260120160523.0
008 201001s2004||||ag |||||||||||||||||spa d
020 _a9879423348
_c$5.55
040 _aAR-LpoUNG
_bspa
_eaacr
041 _aspa
044 _aag
082 0 _a334.01 412eco
100 1 _aLaville, Jean-Louis
_ecomp.
245 1 0 _aEconomía social y solidaria :
_buna visión europea
250 _a1ra. ed.
260 _aBuenos Aires :
_bFundación OSDE - Altamira - Universidad Nacional de General Sarmiento,
_c2004.
300 _a288 p. :
_btbls., gráfs.
490 0 _aLecturas de economía social
520 _aLa obra da cuenta del debate europeo sobre la economía social. Indica por qué las distintas conceptualizaciones europeas se distinguen de la definición del Tercer Sector adoptada por los enfoques norteamericanos que se inscriben en el marco de la economía neoclásica y la teoria de la elección racional. Pone de manifiesto tambien los aportes y límites de la economia social y precisa el marco conceptual de la economía solidaria susceptible de contribuir a superar estos límites y promover un enfoque plural de la economía articulada a una aspiración democrática.
650 4 _aASPECTOS ECONOMICOS
650 4 _aASPECTOS POLITICOS
650 4 _aDEMOCRACIA
650 4 _aECONOMIA COLECTIVA
650 4 _aECONOMIA DEL BIENESTAR
650 4 _aEQUIDAD SOCIAL
650 4 _aJUSTICIA SOCIAL
650 4 _aPOLITICA ECONOMICA
650 4 _aPROBLEMAS SOCIALES
650 4 _aTEORIA ECONOMICA
650 4 _aVALORES SOCIALES
653 0 _aECONOMIA SOCIAL
653 0 _aECONOMIA SOLIDARIA
905 _a17780
942 _cLIB
_2ddc
999 _c51667
_d51667